Don't Be Dumb - A$AP Rocky (Tracklist) - Statistics

General Stats
  • This quiz has been taken 56 times
  • The average score is 14 of 17
Answer Stats
TRACKS % Correct
DON'T BE DUMB / TRIP BABY
93%
HELICOPTER
91%
PUNK ROCKY
91%
STAY HERE 4 LIFE
91%
STOLE YA FLOW
91%
FISH N STEAK (WHAT IT IS)
88%
THE END
88%
ORDER OF PROTECTION
86%
STFU
86%
AIR FORCE (BLACK DEMARCO)
81%
PLAYA
81%
STOP SNITCHING
81%
NO TRESPASSING
79%
ROBBERY
79%
WHISKEY (RELEASE ME)
79%
SWAT TEAM
77%
INTERROGATION (SKIT)
72%
No matching quizzes found
Score Distribution
Percent of People with Each Score
Percentile by Number Answered
Your Score History
You have not taken this quiz